00591nam a22001935a 450000500170000000800410001701000170005802000230007503500170009803700210011504000180013608200110015410000220016524500790018725000130026626000360027930000310031550000510034620080321093848.0080826t xxu||||| |||| 00| 0 eng d aB-277265-284 a8131716015c225.00 aB-277265-284 a066/10.6.08bUBH aDPLbEnglish  a373.73 aJha, Madan Mohan  aSchool without walls :binclusive education for all /cby Madan Mohan Jha  a2nd ed. aDelhi bPearson Educationc2008 axxv, 220 p. ;c22cm (pbk)  aIncludes bibliographical references and index